000
00317nam a2200133Ia 4500
008
240624s9999 xx 000 0 und d
041
_a
eng
082
_a
823 BEC
100
_a
BECKETT SIMON
245
_a
WRITTEN IN BONE
260
_c
2008
_a
London
_b
Bantam Books
300
_a
491 : p. : cm. ; 17
365
_c
BPS
_b
20
999
_c
13941
_d
13941